000 005000000a22001690004500
090 _aAR
_b01257
245 1 0 _aReview of South american bats of the genus Eptesicus
650 1 4 _aSistemática animal
_992968
650 1 4 _aTaxonomía animal
_98245
650 1 4 _aMurciélagos
_92659
650 1 4 _aDistribución geográfica
_992997
653 _gEptesicus
041 0 _aInglés
100 1 _aDavis, William B.
_994541
942 _cARTICULO
773 1 _tSouthwestern Naturalist
_3458
_h2
_q245-274
_d1966
_g11
999 _c10342
_d10342